Quiz-polskie miasta na podstawie opisu - Statystyki

Ogólne statystyki
  • Ten quiz został rozwiązany 237 razy
  • Średni wynik to 13 z 15
Statystyki odpowiedzi
Podpowiedź Odpowiedź % Poprawnych
Na mocy Unii lubelskiej to miasto zostało ustanowione stolicą polski Warszawa
97%
To miasto uznawane jest za pierwszą stolicę polski Gniezno
96%
To miasto jako pierwsze było nazywane "Miastem Stołecznym" w Polsce Kraków
95%
Miasto w którym urodził się Mikołaj Kopernik Toruń
95%
Największe miasto na wschodzie polski położone na wyżynie lubelskiej Lublin
94%
Jedyne polskie miasto wymienione w hymnie Poznań
91%
W mieście tym jest trzecie co do wielkości lotnisko w Polsce Gdańsk
89%
Miasto to w latach 1953-1956 nosiło nazwę Stalinograd Katowice
84%
Miasto filmu i przemysłu słynie przede wszystkim z fabryk włókienniczych Lódź
84%
W 1963r zorganizowano tam festiwal piosenki który do dziś jest najbardziej znanym festiwalem tego typu w kraju Opole
81%
Jest miastem które powstało jako własność i rodowa siedziba Zamoyskich Zamość
81%
To miasto posiada największe skupisko wyznawców prawosławia w Polsce Białystok
80%
Największe w Polsce miasto nie będące miastem wojewódzkim Gdynia
75%
To miasto posiada najstarszą restauracje w Europie powstałą około 730 lat temu Wrocław
71%
Miasto w którym odbywają się największe pokazy lotnicze w Polsce Radom
63%
Nie znaleziono quizów pasujących do podanych kryteriów
Rozkład punktacji
Procent ludzi z każdym wynikiem
Percentyl według liczby udzielonych odpowiedzi
Twoja historia wyników
Nie rozwiązałeś tego quizu